000 01127nam a2200253Ia 4500
999 _c4510
_d4510
003 OSt
005 20200506112432.0
008 191128s2013 ck gr 000 0 spa d
020 _a9789588727905
040 _aCO-JMCR
_cCO-JMCR
041 0 _aspa
082 0 4 _a306.7082 /
_bC352l
100 1 _aCastillo Torres, Patrizia de Jesús,
_eautora
_93998
245 1 0 _aLo que aprendí del sexo después de sentarme a llorar /
_cPatrizia de Jesús Castillo
250 _aPrimera edición
260 _aBogotá :
_bEdiciones B,
_c2013
300 _a202 páginas ;
_c23 cm.
500 _aIncluye datos biográficos de la autora.
505 _aEl sexo y sus intrincadas facetas -- Viejas… -- El sexo, una puteria en pareja -- Desde el tintero
520 _aCon un lenguaje que combina el candor y la crudeza, Patrizia nos ofrece una mirada poco usual a las dichas y desdichas de la sexualidad femenina. A partir de su historia personal nos invita a pensar sobre las experiencias comunes a muchas mujeres, desde l
650 1 4 _aMujeres
_xconducta sexual
_93999
650 2 4 _aSexo
_xRelaciones sexuales
_94000
942 _2ddc
_cBK